Score 0/30 Timer 07:00
16 Plays Today
% Correct
Stanley Cup
92.6%
Stanford University
91%
Standing Room
90.9%
Stanley Knife
90.3%
Standoffish
89.6%
Stand by Me
88%
Standstill
87.2%
Standard Deviation
87.2%
Standard Bearer
85.2%
Constantin Stanislavski
84.5%
Stanley Kubrick
83.8%
Morgan Stanley
83%
Flat Stanley
82.6%
Stan Lee
82.1%
Kyrgyzstan
81.7%
% Correct
Stan Laurel
81%
Standard Oil
81%
Stanniferous
80.9%
Standpoint
80.1%
Port Stanley
77.8%
Afghanistan
77.7%
Pakistan
77.1%
Stan Marsh
75.5%
Stand and Deliver
71.9%
Tristan
71.5%
Paul Stanley
70.5%
Henry Morton Stanley
70.2%
Stanley Tucci
69%
Stan Smith
69%
Stan Musial
63.1%
Remove Ads.
Support Sporcle.
Get the best of Sporcle when you Go Orange. This ad-free experience offers more features, more stats, and more fun while also helping to support Sporcle. Thank you for becoming a member.

You're not logged in!

Compare scores with friends on all Sporcle quizzes.
OR
Log In

Show Comments

Extras

Top Quizzes Today


Score Distribution

Your Account Isn't Verified!

In order to create a playlist on Sporcle, you need to verify the email address you used during registration. Go to your Sporcle Settings to finish the process.

Report this User

Report this user for behavior that violates our Community Guidelines.

Details: